| 000 | 00556nam a2200181 a 4500 | ||
|---|---|---|---|
| 005 | 20210223132754.0 | ||
| 008 | 151104s1991 mx r 000 0 spa d | ||
| 020 | _a9686044086 | ||
| 035 | _aUPN01000206551 | ||
| 049 | _aCG | ||
| 050 | 4 |
_aPQ7297 C2.75 _bD4.3 |
|
| 100 | 1 |
_aCarballo, Emmanuel, _d1929- |
|
| 245 | 1 | 0 |
_aDe cuerpo entero / _cEmmanuel Carballo. |
| 260 |
_aMéxico : _bUniversidad Nacional Autónoma de México : _bEdiciones corunda, _c1991. |
||
| 300 |
_a65, [4] p. : _bil. |
||
| 650 | 4 |
_aAUTORES MEXICANOS - _vBIOGRAFIA _94062 |
|
| 905 | _aLibro | ||
| 999 |
_c178652 _d178652 |
||